| 000 | 00721nam a22001935i 4500 | ||
|---|---|---|---|
| 001 | 163731 | ||
| 003 | ES-MaACL | ||
| 005 | 20250806060946.0 | ||
| 008 | 991028m18421843sp |||| | spa d | ||
| 040 |
_aM-RAJU _bspa _cM-RAJU _dCCPB | B |
||
| 100 | 1 |
_aRodríguez, Juan María. _9131971 |
|
| 245 | 1 | 0 |
_aInstituciones prácticas o Curso elemental completo de práctica forense / _cpor Juan María Rodríguez. |
| 260 |
_aSevilla : _b[s.n.], _c1842-1843 ( _fImprenta de El Sevillano) |
||
| 300 |
_a2 v.(386;475 p.) ; _c21 cm. |
||
| 650 | 7 |
_aMedicina legal _2embne _914928 |
|
| 740 | 0 | _aCurso elemental completo de práctica forense. | |
| 852 |
_aES-MaACL _jC-2907-2908 _z-- Enc. hol. |
||
| 999 |
_c163731 _d163731 |
||